000 00818nam a2200253Ia 4500
001 55059
003 125812
005 20241016063246.0
008 ||||||n9999 ||| || ||
041 _aspa
111 _aCongreso Internacional de Derecho Publico, Filosofía y sociologia Juridicas
_976096
245 0 _aDerecho publico, filosofia y sociologia juridicas
_bperspectivas para el proximo milenio. Memorias
260 _aBogotá :
_bUniversidad Externado de Colombia,
_c1996.
300 _a895p.
562 _e1
650 _aANÁLISIS JURÍDICO
_93886
650 _aCOLOMBIA
_976097
650 _aCOMPENDIO DE PONENCIAS
_912048
650 0 _aDerecho público
_96129
650 0 _aFilosofía del derecho
_91472
650 0 _aSociología
_9884
650 0 _aTeoría del derecho
_93832
942 _cDO-GO
999 _c55059
_d55059